000
00251nam a22001217a 4500
008
181015b xxu||||| |||| 00| 0 eng d
041
_a
eng
080
_a
615
100
_a
5
101
_a
FAR
245
_a
Pharmacology
_c
Levine.R.R
942
_2
udc
_c
BK
999
_c
49775
_d
49775